| 000 | 00449nam a22001577a 4500 | ||
|---|---|---|---|
| 003 | SISC | ||
| 005 | 20160217154553.0 | ||
| 008 | 140224t xxu||||| |||| 00| 0 eng d | ||
| 050 |
_aQE 26.2 _b.B622 1975 |
||
| 100 |
_aBisque, Ramon _930634 |
||
| 245 |
_aEarth science : _bpatterns in our environment / _cRamon Bisque. |
||
| 260 |
_aLondon : _bPrentice-Hall Inc., _c1975. |
||
| 300 |
_a298 p. : _bcol. ill. ; _c30 cm. |
||
| 942 |
_2lcc _cBK |
||
| 999 |
_c42359 _d42359 |
||